000 00756nam a2200229 i 4500
001 78502
003 ES-MaACL
005 20231227144946.0
007 t|
008 041014s1966 sp ||||1| spa d
080 _a001:32(42)
100 1 _aHailsham, Quintín Mac Garell Hogg
_cVizconde.
_961491
245 1 0 _aCiencia y política /
_cLord Hailsham ; versión de Enrique Tierno Galván.
260 _a[Madrid] :
_bTaurus,
_c[1966]
300 _a132 p. ;
_c21 cm.
490 1 _aBiblioteca política Taurus ;
_v9
651 4 _aGran Bretaña-
_xPolítica científica.
_9174117
700 1 _aTierno Galván, Enrique,
_d1918-1986
_9110235
830 1 _aBiblioteca política Taurus ;
_v9
_9176515
852 4 _aES-MaACL
_jC-29880
999 _c78502
_d78502